Language and computers: a practical introduction to the computer analysis of language
Gespeichert in:
| 1. Verfasser: | |
|---|---|
| Format: | Buch |
| Sprache: | Englisch |
| Veröffentlicht: |
Manchester
Edinburgh University
1996
|
| Schriftenreihe: | Edinburgh Textbooks in Empirical Linguistics
|
| Schlagworte: | |
| Tags: |
Tag hinzufügen
Keine Tags, Fügen Sie den ersten Tag hinzu!
|
MARC
| LEADER | 00000nam a2200000 a 4500 | ||
|---|---|---|---|
| 001 | UCL8809 | ||
| 003 | CL-VaPUC | ||
| 008 | 040709e19960000UK |||||||||||||||||eng|d | ||
| 020 | |a 0748607854 | ||
| 082 | 0 | 4 | |a 410.285 |b BAR |2 21 |
| 100 | 0 | |a Barnbrook, Geoff |e author |9 486738 | |
| 245 | 1 | 0 | |a Language and computers: a practical introduction to the computer analysis of language |
| 300 | |a 209 p | ||
| 942 | |c BK | ||
| 945 | |d 20040709 00:00:00 |a cmena | ||
| 260 | |a Manchester |b Edinburgh University |c 1996 | ||
| 500 | |a Proyecto Mecesup | ||
| 650 | 7 | |a LINGUISTICA COMPUTACIONAL |2 CL-VaPUC |9 486739 | |
| 650 | 0 | |a Análisis del discurso |9 256696 | |
| 650 | 0 | |a Investigación lingüística |9 329785 | |
| 650 | 0 | |a Programación de computadores |9 259531 | |
| 583 | |a last modification |c 20040709 00:00:00 |k Rodrigo Vera | ||
| 490 | 0 | |a Edinburgh Textbooks in Empirical Linguistics | |
| 999 | |c 309916 |d 309914 | ||
| 952 | |0 0 |1 0 |4 0 |6 410_285000000000000_BAR_1996 |7 0 |8 A |9 377779 |a FDOPOS |b FDOPOS |d 2019-11-21 |i 4035240 |o 410.285 BAR 1996 |p 4035240 |r 2025-01-22 |w 2019-11-21 |y BK |k MLA | ||